000 00511nam a2200169Ia 4500
999 _c7949
_d7949
020 _a9788178313009
082 _a338.272809624 DAS-S
100 _aDash, Sandipani
245 0 _aSudan's oil diplomacy 1991-2003
260 _aNew Delhi
_bManak Publications
_c2012
300 _axvi, 317
504 _aincludes bibliography and index
650 _aPetroleum
_vPolitical aspects
_zSudan
_z1991-2003
650 _aPetroleum industry
_zSudan
_z1991-2003
650 _aSudan
_vForeign relations
_z1991-2003
942 _cBK